Idiom by Emoji Quiz Stats

 Plays Quiz Updated Aug 8, 2017

Support Sporcle.
Go Orange.
Score 0/12 Timer 05:00
1 Play Today
% Correct
Once in a blue moon
72.1%
Blow your own trumpet
68.3%
Cry wolf
68.3%
Barking up the wrong tree
62.5%
Ace in the hole
59.5%
Shooting fish in a barrel
58.2%
Hot potato
56.3%
Deer in the headlights
56.3%
Balls to the wall
49%
Wake up and smell the coffee
47.9%
Beat a dead horse
47.4%
Dry run
45.6%

You're not logged in!

Compare scores with friends on all Sporcle quizzes.
OR
Log In
Forgot?

From the Vault

Which of the Two... World Cities

by Purple_Parrot

You just might learn a thing or two.
Remove Ads.
Support Sporcle.
Get the best of Sporcle when you Go Orange. This ad-free experience offers more features, more stats, and more fun while also helping to support Sporcle. Thank you for becoming a member.

Show Comments

Extras

Top Quizzes Today


Score Distribution

Your Account Isn't Verified!

In order to create a playlist on Sporcle, you need to verify the email address you used during registration. Go to your Sporcle Settings to finish the process.

Report this User

Report this user for behavior that violates our Community Guidelines.

Details: